000 00533nam a2200169 i 4500
001 90713
003 ES-MaACL
005 20230906180536.0
007 t|
008 050124s1962 sp ||||1| spa d
100 1 _aLeinekugel Le Cocq, Max.
_971379
245 1 0 _aProblemas de organización e integración operativa /
_cpor M. Leinekugel Le Cocq ; traducido por Fernando Urizar.
260 _aBilbao :
_bDeusto,
_c[1962]
300 _a78 p. ;
_c24 cm.
700 1 _aUrizar, Fernando.
_9112183
852 _aES-MaACL
_jC-23869
_bR.52598
999 _c90713
_d90713